ZVEI electro electronics buyers' guide (Бичлэгийн дугаар. 146175)
| 000 -УДИРДЛАГА | |
|---|---|
| Удирдлага | 00591nam a22002177a 4500 |
| 003 - ХЯНАЛТЫН ТОО ТОДОРХОЙЛОГЧ | |
| Код | MN-UlNUM |
| 005 - БИЧИЛТ ХИЙСЭН ОГНОО | |
| Тухайн бичилтийг бичсэн засварласан сүүлийн огноо | 20260113123718.0 |
| 008 - ЕРӨНХИЙ МЭДЭЭЛЭЛ | |
| Ерөнхий мэдээлэл | 260113d2000 gw a|||| |||| 00| 0 eng c |
| 040 ## - БИЧЛЭГ ҮҮСГЭГЧ БАЙГУУЛЛАГА | |
| Бичлэг үүсгэгч номын сангийн код | МУИС-ийн номын сан |
| 084 ## - ББК АНГИЛАЛ | |
| Нэмэлт тусгалт | Бусад |
| ББК ангилал | 32.87 |
| Зохиогчийн гурван тэмдэгт | E 43 |
| Мэдлэгийн ялгаа | 3 - Техник |
| 245 10 - ҮНДСЭН ГАРЧИГ | |
| Номын нэр | ZVEI electro electronics buyers' guide |
| Бага гарчгийн мэдээ | The German electrical and electronics industry |
| 260 ## - ГАРАЛТЫН МЭДЭЭ | |
| Хэвлэгдсэн газар | Mindelheim : |
| Хэвлэлийн газар | W. Sachon, |
| Хэвлэгдсэн он | 2000 |
| 300 ## - МАТЕРИАЛЫН ТОДОРХОЙЛОЛТ | |
| хуудасны тоо | 20 v. : |
| Бусад тоон мэдээлэл | ill. ; |
| Хэмжээ | 30 cm. |
| 500 ## - Тайлбар | |
| Дансны дугаар | БС 4964 |
| 546 ## - ХЭЛНИЙ ТУХАЙ МЭДЭЭ | |
| Хэл | Англи хэл дээр, |
| 653 ## - Түлхүүр үг | |
| Түлхүүр үг | electric industries |
| 653 ## - Түлхүүр үг | |
| Түлхүүр үг | germany |
| 653 ## - Түлхүүр үг | |
| Түлхүүр үг | directories |
| 942 ## - ЭЛЕМЕНТИЙН ТӨРӨЛ | |
| Зүйлийн төрөл | Ном |
